| 000 | 00541nam a2200145 a 4500 | ||
|---|---|---|---|
| 001 | 000037075 | ||
| 005 | 20240229073927.0 | ||
| 008 | 120210s2006 dr a 000 0 spa d | ||
| 040 |
_aDO-SdBNP _bspa _cBNPHU |
||
| 100 | 1 |
_aLeón David _d1945- _984930 |
|
| 245 | 1 | 4 |
_aUna histórica muestra pictórica del Banco de Reservas : _bpresentación en Santiago de los Caballeros / _cLeón David. |
| 260 |
_aSanto Domingo : _bBanco de Reservas de la República Dominicana, _c2006. |
||
| 300 |
_a26 p. : _bil. ; _c28 cm. |
||
| 500 | _aMemoria de la exposición | ||
| 999 |
_c36565 _d36565 |
||